| 000 | 01000cam a2200313 a 4500 | ||
|---|---|---|---|
| 001 | 4807654 | ||
| 003 | ARRUPE | ||
| 005 | 20220520132116.0 | ||
| 008 | 881013s1986 ctua b 001 0 eng | ||
| 010 | _a 88149862 | ||
| 020 | _a0882082159 (pbk.) | ||
| 020 | _a0882082140 (hard) | ||
| 040 |
_aDLC _cDLC _dDLC |
||
| 043 | _ad------ | ||
| 050 | 0 | 0 |
_aJX1393.N54 _bS56 1986 |
| 082 | 0 | 0 |
_a327/.09171/6 _219 |
| 100 | 1 |
_aSingham, A. W. _951757 |
|
| 245 | 1 | 0 |
_aNon-alignment in an age of alignments / _cA.W. Singham and Shirley Hune. |
| 260 |
_aWestport, Conn. : _bL. Hill ; _aLondon : _bZed Books, _c1986. |
||
| 300 |
_axii, 420 p. : _bill. ; _c22 cm. |
||
| 440 | 0 |
_aThird World books _930414 |
|
| 500 | _aBibliography: p. 405-415. | ||
| 500 | _aIncludes index. | ||
| 650 | 0 |
_aNonalignment _xHistory. _951758 |
|
| 650 | 0 |
_aNonalignment _zDeveloping countries _xHistory. _951759 |
|
| 700 | 1 |
_aHune, Shirley. _951760 |
|
| 906 |
_a7 _bcbc _corignew _d3 _encip _f19 _gy-gencatlg |
||
| 942 |
_2lcc _cMONOGRAPH |
||
| 999 |
_c131494 _d131494 |
||